Estudio de la amenaza sísmica de Costa Rica en coordinación con el INS, en las ciudades de Golfito, Puriscal y Nicoya

Wedi'i Gadw mewn:
Manylion Llyfryddiaeth
Prif Awdur: Schmidt Díaz, Víctor, 1965-
Awduron Eraill: Linkimer Abarca, Lepolt, 1978-
Fformat: Llyfr
Cyhoeddwyd: [San José, Costa Rica] : Universidad de Costa Rica, Facultad de Ingeniería, Instituto de Investigaciones en Ingeniería, Laboratorio de Ingeniería Sísmica 2004
Tagiau: Ychwanegu Tag
Dim Tagiau, Byddwch y cyntaf i dagio'r cofnod hwn!

MARC

LEADER 00000nam a2200000Ia 4500
003 PI0112
005 20231026094829.0
008 140116s2004 c a 000 ||s d
040 |c cru CEDI 
090 |a PI-112 
100 |a Schmidt Díaz, Víctor, 1965-  |9 1714 
245 |a Estudio de la amenaza sísmica de Costa Rica en coordinación con el INS, en las ciudades de Golfito, Puriscal y Nicoya  
260 |a [San José, Costa Rica] : Universidad de Costa Rica, Facultad de Ingeniería, Instituto de Investigaciones en Ingeniería, Laboratorio de Ingeniería Sísmica  |c 2004 
300 |c 28 hojas ;ilustraciones 
500 |a Informe final proyecto de investigación, no. 731-A1-079 
700 |a Linkimer Abarca, Lepolt, 1978-  |9 1716 
942 |c CEDI  |h PI-112  |i PI0112  |6 PI_112_PI0112 
999 |c 13253  |d 13253